00574 2200205 4500001002100000005001700021006001900038008004100057020002300098035002600121084001700147090001700164100001400181245005000195260003100245300002300276990002300299990002300322990002300345INLIS00000000000252620160829100307.0a ||| | 171130| ||| |  a 978-979-26-7155-1 a 0010-081600000000325 a 028.5 FID M a 028.5 FID M0 a Fidelara00a Cerita Budi Pekerti b Mau Pergi atau Pulang b Anaksaleh Pratama c 2008 a 20 hlm c 24,7 Cm a 23651/APBDII/2015 a 23652/APBDII/2015 a 23650/APBDII/2015